000 01196cam a2200349 a 4500
001 4206
003 FISKH
005 20250407083415.0
008 020315r20021942ilua c 000 1 eng
010 _a 2002023482
020 _a0807508489
020 _a9780807508527
040 _aDLC
_cDLC
_dDLC
_beng
050 _aPZ7.W244
082 _a823.912
100 1 _aWarner, Gertrude Chandler,
_d1890-1979.
245 1 4 _aThe Boxcar children /
_cGertrude Chandler Warner ; illustrated by L. Kate Deal.
260 _aIllinois :
_bAlbert Whitman & Company,
_c1942.
300 _a154 pages :
_billustrations ;
_c20 cm
500 _aOriginally published: Chicago : A. Whitman, 1942.
505 _aN
520 _aFour orphaned children run away and live in a boxcar, until they are found by their grandfather. Includes a biography and photographs of the author.
521 8 _a580
_bLexile
521 8 _aN
_bRaz-Plus
650 1 _aSiblings
_vFiction.
650 1 _aOrphans
_vFiction.
650 1 _aMystery and detective stories.
700 1 _aDeal, L. Kate,
_eillustrator
906 _a7
_bcbc
_corignew
_d1
_eocip
_f20
_gy-gencatlg
942 _2ddc
_cBK
_n0
999 _c4206
_d4206